Т. 25; Обогащение полезных ископаемых

Bibliographic Details
Parent link:Обогащение полезных ископаемых/ Академия наук СССР (АН СССР), Всесоюзный институт научной и технической информации (ВИНИТИ). Т. 25.— , 1963-1991.— 0202-7437
Language:Russian
Published: 1991
Subjects:
Format: Book
KOHA link:https://koha.lib.tpu.ru/cgi-bin/koha/opac-detail.pl?biblionumber=203053

MARC

LEADER 00000nam2a2200000 4500
001 203053
005 20231031185459.0
035 |a (RuTPU)RU\TPU\book\221269 
090 |a 203053 
100 |a 20111027d1991 k y0rusy50 ca 
101 0 |a rus 
102 |a RU 
105 |a a z 001zy 
200 0 |a Т. 25 
210 |d 1991 
215 |a 68 с.  |c ил. 
320 |a Библиогр.: с. 63-67 
461 1 |0 (RuTPU)RU\TPU\book\102636  |x 0202-7437  |t Обогащение полезных ископаемых  |f Академия наук СССР (АН СССР), Всесоюзный институт научной и технической информации (ВИНИТИ)  |v Т. 25  |d 1963-1991  |s Обогащение полезных ископаемых 
610 1 |a полезные ископаемые 
610 1 |a обогащение 
610 1 |a углеобогатительные фабрики 
610 1 |a оборудование 
610 1 |a приоритетные направления 
610 1 |a Япония 
610 1 |a японский опыт 
610 1 |a угольные суспензии 
610 1 |a топливо 
610 1 |a обзоры 
675 |a 622.7  |v 4 
801 1 |a RU  |b 63413507  |c 20111027 
801 2 |a RU  |b 63413507  |c 20170804  |g RCR 
942 |c BK